Multinationals and technology transfer

Uloženo v:
Podrobná bibliografie
Hlavní autor: Alan M. Rugman
Médium: Kniha
Jazyk:Undetermined
Vydáno: New York Praeger Publishers 1983
Tagy: Přidat tag
Žádné tagy, Buďte první, kdo otaguje tento záznam!
Thư viện lưu trữ: Trung tâm Học liệu Trường Đại học Cần Thơ
LEADER 00351nam a2200121Ia 4500
001 CTU_86316
008 210402s9999 xx 000 0 und d
100 |a Alan M. Rugman 
245 0 |a Multinationals and technology transfer 
260 |a New York 
260 |b Praeger Publishers 
260 |c 1983 
980 |a Trung tâm Học liệu Trường Đại học Cần Thơ